• 首页
  • 本馆介绍
  • 公告通知
  • 最新文献
  • 馆藏检索
  • 电子资源
  • 读者导购
  • 参考咨询
  • 我的图书馆
  • 登录
  • 详细信息显示
  • 放入我的书架
  • 预约/预借图书
  • 作者相关作品
  • 分类相关作品
  • 丛书相关作品
  • 出版社相关作品

书目信息

  • 表格格式
  • 工作单格式
  • 卡片格式
题名:
电影与戏剧丛刊
    
 
作者: ;上海文艺出版社 编辑
分册:   曙光
出版信息: 上海   编者  1978
页数: 402页
开本: 19cm
丛书名:
单 册:
中图分类: I230.7
科图分类:
主题词: 戏剧--中国--现代--丛刊
电子资源:
ISBN: 10078.3034
000 00691nam0 2200241 450
001 0178003070
005 20100712215416.0
010    @a10078.3034@dCNY1.20
091    @a10078.3034
100    @a19950719d1978 em y0chiy0110 ea
101 0  @achi
102    @aCN@b310000
105    @af z 000by
106    @ar
200 1  @a电影与戏剧丛刊@9Dian Ying Yu Xi;Hu Ju Cong Kan @i曙光@f上海文艺出版社编辑
210    @a上海@c编者@d1978
215    @a402页@c照片@d19cm
517 1  @a曙光@9shu guang
606 0  @a戏剧@y中国@z现代@x丛刊
690    @aI230.7@v3
711 02 @a上海文艺出版社@9shang hai wen yi chu ban she@4编辑
801  0 @aCN@bAzMarc@c20130904
905    @aBZT@dI230.7@e2@f1@sI230.7/2
    
    电影与戏剧丛刊.曙光/上海文艺出版社编辑.-上海:编者,1978
    402页:照片;19cm
    
    
    ISBN 10078.3034:CNY1.20
    
●
相关链接 在五车中查询图书 在当当中查询图书 在豆瓣中查询图书


正题名:电影与戏剧丛刊     索取号:I230.7/2         预约/预借

序号 登录号 条形码 馆藏地/架位号 状态 备注
1 2000077359   2000077359   旧书回溯/ [索取号:I230.7/2] 在馆    
山东省滨州职业学院图书馆 欢迎您!
大连网信软件有限公司© 版权所有